BIOCHEMISTRY THORY AND PRACTICALS (Record no. 1220127)

MARC details
000 -LEADER
fixed length control field 00443nam a2200169Ia 4500
008 - FIXED-LENGTH DATA ELEMENTS--GENERAL INFORMATION
fixed length control field 260407s2025 xx 000 0 und d
041 ## - LANGUAGE CODE
Language code of text/sound track or separate title eng
082 ## - DEWEY DECIMAL CLASSIFICATION NUMBER
Classification number 572/MUR
Item number 12635
100 ## - MAIN ENTRY--PERSONAL NAME
Personal name DR. G. MURUGANANTHAN
245 ## - TITLE STATEMENT
Title BIOCHEMISTRY THORY AND PRACTICALS
250 ## - EDITION STATEMENT
Edition statement 2ND
260 ## - PUBLICATION, DISTRIBUTION, ETC.
Place of publication, distribution, etc. LUCKNOW
Name of publisher, distributor, etc. THAKUR PUB
Date of publication, distribution, etc. 2025
300 ## - PHYSICAL DESCRIPTION
Extent 280p
650 ## - SUBJECT ADDED ENTRY--TOPICAL TERM
Topical term or geographic name entry element BIOCHEMISTRY
650 ## - SUBJECT ADDED ENTRY--TOPICAL TERM
Topical term or geographic name entry element PHARMACEUTCAL CHEMISTRY
700 ## - ADDED ENTRY--PERSONAL NAME
Personal name PROF. DR. AMRENDRA YADAV
Holdings
Withdrawn status Lost status Damaged status Not for loan Home library Current library Date acquired Cost, normal purchase price Total Checkouts Full call number Barcode Date last seen Price effective from Koha item type
        College of Pharmacy, Kolhapur College of Pharmacy, Kolhapur 08/04/2026 235.00   572/MUR/12635 PCK-12635 08/04/2026 08/04/2026 Book